000 00250nam a2200109Ia 4500
008 190216s9999||||xx |||||||||||||| ||und||
100 _aNut Hamsool
245 0 _aMalayalam-Victoria
260 _bDc Books Kottayam
650 _aMalayalam
942 _cBK
999 _c26543
_d26543